000 00207nam a22000857a 4500
008 161210b xxu||||| |||| 00| 0 eng d
100 _91977
_aKumar.A.
245 _aBiology-XII
260 _aNew Delhi
_bS. Chand
_c2011
999 _c4784
_d4784